[Event "XXXII Festival A"]
[Site "Arco ITA"]
[Date "2010.10.20"]
[Round "5"]
[White "Lezzerini, Marco"]
[Black "Roessner, Uwe"]
[Result "1-0"]
[WhiteElo "1674"]
[BlackElo "1902"]
[PlyCount "181"]
[EventDate "2010.10.16"]

1. d4 d6 2. c4 e5 3. Nf3 e4 4. Ng5 f5 5. Nc3 Be7 6. Nh3 c6 7. g3 Nf6 8. Bg2 O-O
9. O-O Na6 10. d5 Nc7 11. f3 exf3 12. exf3 Nd7 13. b4 Ne5 14. f4 Nxc4 15. dxc6
bxc6 16. Bxc6 Be6 17. Bxa8 Qxa8 18. Qf3 Qb8 19. Rb1 Kh8 20. Re1 Bf6 21. a4 Bd4+
22. Nf2 Qd8 23. Qd3 Qf6 24. Ne2 Bxf2+ 25. Kxf2 Qh6 26. Kg1 Qh3 27. Nc3 Qh6 28.
Be3 a6 29. b5 axb5 30. axb5 Rb8 31. Ba7 Rb7 32. b6 Na6 33. Qf3 Nc5 34. Rb5 Nd2
35. Qe2 Nce4 36. Nxe4 Nxe4 37. Qc2 Qf6 38. Rc1 Qd4+ 39. Kh1 h6 40. Kg2 Bd7 41.
Rbb1 Nc5 42. Rd1 Bc6+ 43. Kf1 Qf6 44. Rb4 Be4 45. Qd2 Nd3 46. Rb3 Nc5 47. Re3
d5 48. Qc3 Qc6 49. Rc1 Qb5+ 50. Kg1 d4 51. Qxd4 Nd3 52. Qc4 Qb2 53. Qc2 Qd4 54.
Qd2 Rd7 55. b7 Qxa7 56. Rc8+ Kh7 57. b8=Q Qa1+ 58. Re1 Qd4+ 59. Qe3 Qf6 60.
Rh8+ Kg6 61. Qe8+ Rf7 62. Rf8 Nxe1 63. Qxe1 Qd4+ 64. Kf1 Qd3+ 65. Qe2 Qb1+ 66.
Kf2 Qb6+ 67. Qe3 Qb2+ 68. Ke1 Qb1+ 69. Kd2 Qc2+ 70. Ke1 Qb1+ 71. Kf2 Qc2+ 72.
Qe2 Qc5+ 73. Ke1 Qc1+ 74. Kf2 Qc5+ 75. Qe3 Qc2+ 76. Ke1 Qb1+ 77. Ke2 Qc2+ 78.
Qd2 Qc4+ 79. Ke3 Qc5+ 80. Qd4 Qc1+ 81. Qd2 Qg1+ 82. Qf2 Qc1+ 83. Kd4 Qa1+ 84.
Kc4 Qc1+ 85. Kb5 Qb1+ 86. Kc4 Qc1+ 87. Kb3 Qb1+ 88. Qb2 Qd1+ 89. Kb4 Qd6+ 90.
Ka5 Qc7+ 91. Qb6+ 1-0

[Event "XXXII Festival A"]
[Site "Arco ITA"]
[Date "2010.10.20"]
[Round "5"]
[White "Mircoli, Filippo"]
[Black "Pedrotti, Luciano"]
[Result "0-1"]
[WhiteElo "1699"]
[BlackElo "1833"]
[PlyCount "174"]
[EventDate "2010.10.16"]

1. e4 e5 2. Nf3 Nc6 3. Bb5 a6 4. Ba4 Nf6 5. O-O b5 6. Bb3 Be7 7. Re1 O-O 8. c3
d6 9. h3 Bb7 10. d4 Bc8 11. Bd2 h6 12. Bc2 Re8 13. Be3 Bf8 14. d5 Ne7 15. Nbd2
c6 16. dxc6 Nxc6 17. a4 Bb7 18. b4 d5 19. a5 d4 20. cxd4 Bxb4 21. dxe5 Nxe5 22.
Nxe5 Rxe5 23. Nf3 Re8 24. Qxd8 Raxd8 25. e5 Nd7 26. Bd2 Bxd2 27. Nxd2 Nxe5 28.
Nb3 Nc4 29. Nc5 Bc8 30. f3 Rxe1+ 31. Rxe1 g6 32. Re7 Kg7 33. Ra7 Nxa5 34. Nxa6
Bxa6 35. Rxa6 Nc4 36. Rc6 Rd7 37. Be4 Ne3 38. f4 b4 39. Rb6 Rd4 40. Bc6 Rxf4
41. Rb7 Kf8 42. g3 Rf6 43. Ba4 Rf1+ 44. Kh2 Rf2+ 45. Kg1 Rb2 46. Rb8+ Kg7 47.
Rb7 Rg2+ 48. Kh1 Rxg3 49. Kh2 Rg5 50. Rxb4 Nf1+ 51. Kh1 Nd2 52. Bc6 Rc5 53. Bg2
Rf5 54. Rd4 Nf3 55. Rd6 h5 56. Rd3 Ne1 57. Rd6 Nxg2 58. Kxg2 h4 59. Rd4 g5 60.
Rd6 f6 61. Rd7+ Kg6 62. Rd1 Re5 63. Kf3 Rc5 64. Rd4 Rc3+ 65. Kg2 Re3 66. Rd5
Re5 67. Rd8 Kf5 68. Rd4 Re4 69. Rd6 Ke5 70. Rd8 f5 71. Kf3 Rd4 72. Re8+ Kd5 73.
Rg8 Rd3+ 74. Kg2 Rg3+ 75. Kf2 Ke4 76. Re8+ Kf4 77. Rd8 Rxh3 78. Rd4+ Ke5 79.
Rd8 g4 80. Kg2 Rc3 81. Rg8 Rc2+ 82. Kh1 h3 83. Rg7 Kf4 84. Rd7 g3 85. Rd4+ Ke3
86. Rd1 f4 87. Rb1 Kd2 0-1

[Event "XXXII Festival A"]
[Site "Arco ITA"]
[Date "2010.10.20"]
[Round "5"]
[White "Mombelli, Antonio"]
[Black "Carrozza, Gregorio"]
[Result "1/2-1/2"]
[WhiteElo "1828"]
[BlackElo "1667"]
[PlyCount "64"]
[EventDate "2010.10.16"]

1. e4 e5 2. Nf3 Nf6 3. Nxe5 d6 4. Nf3 Nxe4 5. c4 c6 6. Nc3 Nf6 7. d4 d5 8. h3
Bb4 9. a3 Bxc3+ 10. bxc3 O-O 11. Be2 dxc4 12. Bxc4 Re8+ 13. Be2 Ne4 14. Bd2 Nd7
15. O-O Nb6 16. Qc2 Bf5 17. Bd3 Nxd2 18. Qxd2 Bxd3 19. Qxd3 Qd5 20. Qc2 Nc4 21.
a4 Re7 22. Rfe1 Rae8 23. Rxe7 Rxe7 24. Ne1 b6 25. Nf3 f6 26. Re1 Rxe1+ 27. Nxe1
g6 28. Nd3 a5 29. Nf4 Qd6 30. Qb3 Qxf4 31. Qxc4+ Kg7 32. Qxc6 Qc1+ 1/2-1/2

[Event "XXXII Festival A"]
[Site "Arco ITA"]
[Date "2010.10.20"]
[Round "5"]
[White "Morselli, Stefano"]
[Black "De Polzer, Manfredi"]
[Result "1-0"]
[WhiteElo "1924"]
[BlackElo "1809"]
[PlyCount "63"]
[EventDate "2010.10.16"]

1. g3 e5 2. Bg2 Nc6 3. d3 d5 4. Nf3 Be7 5. c4 dxc4 6. Qa4 cxd3 7. Nxe5 Bb4+ 8.
Nc3 Bxc3+ 9. bxc3 Nge7 10. Nxc6 bxc6 11. Bxc6+ Nxc6 12. Qxc6+ Bd7 13. Qe4+ Be6
14. exd3 O-O 15. O-O Re8 16. Qf4 Qxd3 17. Be3 Qd5 18. Rfd1 Qc6 19. Rd2 Bh3 20.
f3 Qxc3 21. Bd4 Qc6 22. g4 Re6 23. Rad1 Rae8 24. Kf2 Qc4 25. Be3 Qc3 26. Bxa7
Rf6 27. Rd8 Qc2+ 28. R1d2 Qc6 29. Rxe8+ Qxe8 30. Qxc7 Bxg4 31. Rd8 Rxf3+ 32.
Kg2 1-0

[Event "XXXII Festival A"]
[Site "Arco ITA"]
[Date "2010.10.20"]
[Round "5"]
[White "Nemeth, Gergely"]
[Black "Rizzo, Giuseppe"]
[Result "1-0"]
[WhiteElo "1889"]
[BlackElo "1659"]
[PlyCount "61"]
[EventDate "2010.10.16"]

1. e4 Nf6 2. e5 Nd5 3. c4 Nb6 4. c5 Nd5 5. Bc4 e6 6. Nc3 Nxc3 7. dxc3 Bxc5 8.
Qg4 Kf8 9. Bg5 Be7 10. Nh3 h6 11. Be3 b6 12. O-O-O Bb7 13. f4 g6 14. Rhf1 Nc6
15. Qe2 a6 16. g4 b5 17. Bb3 Kg7 18. f5 Nxe5 19. Bd4 f6 20. Bxe5 fxe5 21. fxe6
d6 22. Rf7+ Kg8 23. Qd3 e4 24. Qd4 Rh7 25. Rdf1 c5 26. Qe3 g5 27. Rxh7 Kxh7 28.
Rf7+ Kg8 29. Qf2 Kh8 30. Qf5 Qg8 31. Rxe7 1-0

[Event "XXXII Festival A"]
[Site "Arco ITA"]
[Date "2010.10.20"]
[Round "5"]
[White "Niccoli, Paolo"]
[Black "Moratto, Davide"]
[Result "1-0"]
[WhiteElo "1962"]
[BlackElo "1854"]
[PlyCount "57"]
[EventDate "2010.10.16"]

1. e4 g6 2. d4 c6 3. Nc3 Bg7 4. Be3 d5 5. e5 Nh6 6. Bd3 Bf5 7. Bxh6 Bxh6 8.
Bxf5 gxf5 9. Qh5 Bf8 10. e6 Qb6 11. exf7+ Kd8 12. O-O-O Nd7 13. Nf3 Nf6 14.
Qxf5 Rc8 15. Ng5 Bh6 16. Kb1 Bxg5 17. Qxg5 Rf8 18. Qg7 Kd7 19. Rhe1 Qb4 20. Re5
Kc7 21. a3 Qd6 22. Rde1 Nd7 23. Rxe7 Qxh2 24. g3 Qh5 25. Qf6 Rcd8 26. Qf4+ Kc8
27. Na4 b6 28. g4 Qg6 29. R1e6 1-0

[Event "XXXII Festival A"]
[Site "Arco ITA"]
[Date "2010.10.20"]
[Round "5"]
[White "Nicolodi, Raoul"]
[Black "Cavatorta, Ivan"]
[Result "1-0"]
[WhiteElo "1939"]
[BlackElo "1815"]
[PlyCount "47"]
[EventDate "2010.10.16"]

1. c4 c6 2. Nf3 d5 3. b3 d4 4. e3 c5 5. Bb2 Nc6 6. exd4 Nxd4 7. Nxd4 cxd4 8. g3
e5 9. Bg2 Nf6 10. O-O Bd6 11. Ba3 Qc7 12. f4 O-O 13. fxe5 Bxa3 14. Nxa3 Qxe5
15. Qf3 Qa5 16. Nb5 Rd8 17. Qf4 Bd7 18. Nxd4 Qc5 19. Kh1 Bc6 20. Nf5 Bxg2+ 21.
Kxg2 Qc6+ 22. Kg1 Qc5+ 23. d4 Qc6 24. Ne7+ 1-0

[Event "XXXII Festival A"]
[Site "Arco ITA"]
[Date "2010.10.20"]
[Round "5"]
[White "Panjkovic, Aleksandar"]
[Black "Siebrecht, Sebastian"]
[Result "0-1"]
[WhiteElo "2137"]
[BlackElo "2421"]
[PlyCount "114"]
[EventDate "2010.10.16"]

1. c4 e5 2. g3 Nf6 3. Bg2 c6 4. d4 Bb4+ 5. Bd2 Bxd2+ 6. Qxd2 d6 7. Nc3 O-O 8.
e3 Qe7 9. Nge2 Bg4 10. h3 Bxe2 11. Nxe2 Na6 12. g4 d5 13. cxd5 Nxd5 14. Bxd5
cxd5 15. dxe5 Qxe5 16. Qd4 Qe7 17. Ng3 Rfd8 18. Nf5 Qf8 19. Rc1 Rd7 20. a3 Nc7
21. O-O Ne6 22. Qe5 Re8 23. Rc2 a6 24. Rfc1 d4 25. exd4 Nxd4 26. Qxe8 Qxe8 27.
Rc8 Rd8 28. Rxd8 Qxd8 29. Rc8 Qxc8 30. Ne7+ Kf8 31. Nxc8 b5 32. Nd6 Ke7 33. Ne4
a5 34. f4 Ne2+ 35. Kh2 Nxf4 36. Nc3 b4 37. axb4 axb4 38. Nd1 Ke6 39. Kg3 Ke5
40. Nf2 Nd5 41. Kf3 Kd4 42. h4 b3 43. g5 Nb6 44. h5 Nc4 45. Ne4 Ne5+ 46. Kf4
Nd3+ 47. Kf3 Nxb2 48. Nd2 Kc3 49. Nxb3 Kxb3 50. Ke4 Nc4 51. Kd5 Kc3 52. Kc6 Kd4
53. Kd7 Ke5 54. Ke7 Nd6 55. Kf8 Kf5 56. Kxg7 Kxg5 57. h6 f5 0-1

[Event "XXXII Festival A"]
[Site "Arco ITA"]
[Date "2010.10.20"]
[Round "5"]
[White "Prelati, Maurizio"]
[Black "Basso, Pier Luigi"]
[Result "0-1"]
[WhiteElo "2111"]
[BlackElo "1779"]
[PlyCount "54"]
[EventDate "2010.10.16"]

1. e4 c5 2. Nc3 d6 3. f4 Nc6 4. Nf3 e6 5. Bb5 Bd7 6. O-O Nge7 7. d3 g6 8. Bd2
Bg7 9. a4 a6 10. Bc4 O-O 11. Qe1 Na7 12. a5 Bb5 13. Qf2 Rc8 14. Bxb5 axb5 15.
d4 d5 16. dxc5 d4 17. Ne2 Nac6 18. Ra3 b4 19. Rd3 Qxa5 20. Nexd4 Nxd4 21. Nxd4
Qxc5 22. e5 Nd5 23. Be3 Nxe3 24. Qxe3 Rfd8 25. Rc1 Bf8 26. Nb3 Rxd3 27. Qxc5
Bxc5+ 0-1

[Event "XXXII Festival A"]
[Site "Arco ITA"]
[Date "2010.10.20"]
[Round "5"]
[White "Pretto, Aldo"]
[Black "Buglisi, Massimo"]
[Result "0-1"]
[WhiteElo "1741"]
[BlackElo "1875"]
[PlyCount "84"]
[EventDate "2010.10.16"]

1. Nf3 Nf6 2. g3 g6 3. Bg2 Bg7 4. O-O d6 5. d3 O-O 6. e4 c5 7. Nbd2 Nc6 8. c3
e5 9. a4 h6 10. Re1 Be6 11. Nf1 d5 12. exd5 Nxd5 13. Ne3 Qc7 14. Nxd5 Bxd5 15.
Be3 b6 16. Rc1 Rad8 17. Qc2 f5 18. b4 f4 19. Bd2 fxg3 20. Re3 gxf2+ 21. Kf1 c4
22. Kxf2 cxd3 23. Rxd3 e4 24. Rxd5 Rxd5 25. Qxe4 Rxd2+ 26. Kg1 Rd6 27. Re1 Qf7
28. Nh4 Qf2+ 29. Kh1 Qf4 30. Nxg6 Qxe4 31. Bxe4 Re8 32. Bd5+ Rxd5 33. Rxe8+ Kf7
34. Rc8 Kxg6 35. Rxc6+ Kf5 36. c4 Rd2 37. a5 bxa5 38. Rc5+ Ke4 39. Rxa5 Bd4 40.
c5 Kf3 41. Ra3+ Kf2 42. h4 Be5 0-1

[Event "XXXII Festival A"]
[Site "Arco ITA"]
[Date "2010.10.20"]
[Round "5"]
[White "Prezzi, Adriano"]
[Black "Giaracuni, Claudio"]
[Result "1/2-1/2"]
[WhiteElo "1682"]
[BlackElo "1784"]
[PlyCount "80"]
[EventDate "2010.10.16"]

1. d4 d5 2. c4 e5 3. dxe5 d4 4. Nf3 Nc6 5. a3 Bg4 6. Bf4 Nge7 7. Nbd2 Qd7 8. b4
Ng6 9. Bg3 Rd8 10. Qb3 Qe6 11. Rd1 Ngxe5 12. Nxe5 Nxe5 13. Bxe5 Qxe5 14. Nf3
Bxf3 15. Qxf3 d3 16. Qe3 d2+ 17. Rxd2 Qxe3 18. fxe3 a5 19. Rb2 axb4 20. axb4
Bd6 21. g3 Be5 22. Rb3 O-O 23. Bg2 b6 24. Bc6 Rd6 25. b5 Rfd8 26. Bd5 Kf8 27.
e4 Rf6 28. Rf3 Rdd6 29. Rhf1 g6 30. Rxf6 Rxf6 31. Rf3 Rxf3 32. exf3 g5 33. Ke2
Bd6 34. Ke3 Bc5+ 35. Ke2 Bd6 36. Kf2 Kg7 37. h3 f6 38. Be6 h5 39. Bd7 Kh6 40.
Bf5 Be5 1/2-1/2

[Event "XXXII Festival A"]
[Site "Arco ITA"]
[Date "2010.10.20"]
[Round "5"]
[White "Proietti, Tosca"]
[Black "Garvani, Vittorio"]
[Result "0-1"]
[WhiteElo "1840"]
[BlackElo "1940"]
[PlyCount "70"]
[EventDate "2010.10.16"]

1. e4 c5 2. Nc3 Nc6 3. Bc4 e6 4. d3 Nf6 5. Bg5 Be7 6. Qd2 a6 7. a4 d6 8. Nge2
O-O 9. O-O Bd7 10. f4 h6 11. Bxf6 Bxf6 12. Rab1 Qb6 13. Kh1 Qb4 14. Qc1 Na5 15.
f5 Nxc4 16. dxc4 Be5 17. Qd1 Bxa4 18. Nxa4 Qxa4 19. Nf4 Bxf4 20. Rxf4 exf5 21.
exf5 f6 22. Qd5+ Kh7 23. b3 Qc6 24. Qd1 b5 25. Qh5 Qe8 26. Qg4 Qf7 27. Qd1 Rfd8
28. Ra1 b4 29. Qf3 d5 30. Qf2 d4 31. Qf3 Ra7 32. Re4 Re8 33. Ra5 Rxe4 34. Qxe4
Re7 35. Qh4 Qh5 0-1

[Event "XXXII Festival A"]
[Site "Arco ITA"]
[Date "2010.10.20"]
[Round "5"]
[White "Rampini, Carlo"]
[Black "Del Nevo, Claudio"]
[Result "0-1"]
[WhiteElo "1791"]
[BlackElo "1859"]
[PlyCount "106"]
[EventDate "2010.10.16"]

1. e4 d6 2. d4 Nf6 3. Nc3 c6 4. f3 g6 5. Be3 Bg7 6. Bd3 b5 7. Qd2 b4 8. Nce2 a5
9. O-O-O Be6 10. Kb1 Na6 11. g4 h5 12. g5 Nh7 13. h4 O-O 14. d5 cxd5 15. exd5
Bd7 16. Bd4 Nc7 17. Bxg7 Kxg7 18. Nf4 Qb8 19. Nge2 a4 20. Nd4 b3 21. cxb3 Qa7
22. Qc3 Kg8 23. b4 Rfc8 24. Nc6 Nxd5 25. Nxd5 Bxc6 26. Nf4 Bxf3 27. Qd2 Bxh1
28. Rxh1 Qb7 29. Re1 Rab8 30. a3 Nf8 31. Qe2 e5 32. Ba6 Qc6 33. Bxc8 Rxc8 34.
Nd3 Qb5 35. Rc1 Rc4 36. Qe1 Ne6 37. Rc3 Nd4 38. Qe4 Nb3 39. Qe1 Qd5 40. Nc1 Re4
41. Qf2 Nd2+ 42. Ka1 Rf4 43. Rd3 Nb3+ 44. Kb1 Rxf2 45. Rxd5 Rf1 46. Kc2 Rxc1+
47. Kd3 Rd1+ 48. Kc4 Rd4+ 49. Rxd4 Nxd4 50. b5 Nxb5 51. Kxb5 e4 52. Kc4 d5+ 53.
Kd4 Kf8 0-1

[Event "XXXII Festival A"]
[Site "Arco ITA"]
[Date "2010.10.20"]
[Round "5"]
[White "Ricci, Alfredo"]
[Black "Marini, Lucio"]
[Result "1-0"]
[WhiteElo "1969"]
[BlackElo "1883"]
[PlyCount "147"]
[EventDate "2010.10.16"]

1. e4 c5 2. Nf3 d6 3. d4 cxd4 4. Nxd4 Nf6 5. Bd3 e6 6. O-O Be7 7. Kh1 Nc6 8.
Nxc6 bxc6 9. f4 e5 10. Nc3 Rb8 11. b3 h5 12. Be3 Qc7 13. Qe1 h4 14. fxe5 dxe5
15. Bc4 Rb4 16. Qe2 h3 17. g3 Bg4 18. Qd3 Rb8 19. Rf2 Rd8 20. Qf1 O-O 21. a3
Rd7 22. Bg5 Qd8 23. Be3 Rd4 24. Bd3 Bc5 25. Re1 Bxa3 26. Bxd4 Qxd4 27. Ne2 Qd8
28. Ng1 Bc5 29. Nf3 Bxf2 30. Qxf2 Qe7 31. Kg1 Nd7 32. Nd2 Qc5 33. Nc4 Qxf2+ 34.
Kxf2 f6 35. Ra1 Nc5 36. Ke3 Rd8 37. Rxa7 Nxd3 38. cxd3 Rb8 39. Nd2 Bd1 40. Ra1
Bg4 41. d4 exd4+ 42. Kxd4 Rd8+ 43. Ke3 Be6 44. Rc1 Re8 45. Rc5 g6 46. Kd4 Rd8+
47. Kc3 Rc8 48. Nf3 Kf8 49. e5 Bd5 50. Ng1 fxe5 51. Nxh3 Ke7 52. Ng5 Kd6 53. b4
Rf8 54. Kd3 Rf2 55. Rc2 e4+ 56. Kc3 Rf1 57. Kd4 Rd1+ 58. Ke3 Rd3+ 59. Kf4 Rb3
60. Nxe4+ Bxe4 61. Kxe4 Rxb4+ 62. Kf3 Rd4 63. h4 c5 64. Ra2 Ke7 65. Ra6 Kf7 66.
Rc6 Rc4 67. g4 Rc3+ 68. Kf4 c4 69. Kg5 Rc1 70. Rxg6 c3 71. h5 c2 72. Rf6+ Ke7
73. Rf2 Rg1 74. Rxc2 1-0

[Event "XXXII Festival A"]
[Site "Arco ITA"]
[Date "2010.10.20"]
[Round "5"]
[White "Roversi, Stefano"]
[Black "Sigillo, Carmelo"]
[Result "1-0"]
[WhiteElo "1859"]
[BlackElo "1807"]
[PlyCount "63"]
[EventDate "2010.10.16"]

1. e4 c5 2. Nf3 d6 3. d4 cxd4 4. Nxd4 Nf6 5. Nc3 a6 6. Be2 e5 7. Nb3 Be7 8. O-O
Be6 9. f4 Qc7 10. Qe1 O-O 11. Qg3 Bc4 12. Bxc4 Qxc4 13. fxe5 dxe5 14. Qxe5 Nc6
15. Qf4 Bb4 16. Nd5 Nxe4 17. c3 Ne7 18. Nxe7+ Bxe7 19. Be3 Nf6 20. Rad1 Rad8
21. Bd4 Rd5 22. Qf3 Rfd8 23. Rfe1 Kf8 24. Re3 a5 25. Rde1 Re8 26. Bxf6 gxf6 27.
Nd4 Rdd8 28. Qf4 Qc5 29. Qh6+ Kg8 30. Rh3 Qg5 31. Qxh7+ Kf8 32. Rg3 1-0

[Event "XXXII Festival A"]
[Site "Arco ITA"]
[Date "2010.10.20"]
[Round "5"]
[White "Salati, Paolo"]
[Black "Vaccari, Giorgio"]
[Result "1-0"]
[WhiteElo "1861"]
[BlackElo "1613"]
[PlyCount "143"]
[EventDate "2010.10.16"]

1. e4 e5 2. Nf3 Nc6 3. Bc4 Bc5 4. c3 Nf6 5. d3 d6 6. h3 h6 7. O-O O-O 8. Nbd2
a6 9. b4 Ba7 10. a4 Be6 11. Qe2 Nh5 12. Kh1 Nf4 13. Qd1 Qc8 14. Ng1 Ne7 15.
Bxe6 fxe6 16. Ndf3 Neg6 17. Be3 Qe8 18. Bxa7 Rxa7 19. g3 Nh5 20. Nh2 Nf6 21. c4
c6 22. Qe2 b5 23. cxb5 cxb5 24. a5 Rc7 25. Rac1 Rff7 26. Rc2 Qc8 27. Rfc1 Rxc2
28. Qxc2 Qxc2 29. Rxc2 Ra7 30. Rc6 Ne8 31. Ne2 Ne7 32. Rb6 Kf7 33. Nf3 Nc8 34.
Rc6 Nc7 35. d4 Ke7 36. dxe5 Kd7 37. Rc2 d5 38. Nd2 dxe4 39. Nxe4 Ne7 40. Nc5+
Ke8 41. Nf4 Kf7 42. Rd2 Ncd5 43. Nxd5 Nc6 44. Nf4 Nxb4 45. Nfxe6 Nc6 46. f4
Nxa5 47. Rd6 Nc4 48. Rc6 a5 49. Rc7+ Rxc7 50. Nxc7 b4 51. Nd5 Ke8 52. Kg2 Na3
53. Kf2 Nb5 54. Ke3 Kf7 55. g4 Na7 56. f5 Nc6 57. e6+ Ke8 58. Ke4 Kf8 59. Kd3
Ne5+ 60. Ke4 Nc6 61. Kd3 Ne5+ 62. Kc2 Nf3 63. Kb3 Ng1 64. h4 Nf3 65. h5 Nh2 66.
Ne3 Nf3 67. Nd5 Nh2 68. Nd7+ Ke8 69. Ne5 Nf1 70. Ka4 Nd2 71. Ng6 Ne4 72. Nc7+
1-0

[Event "XXXII Festival A"]
[Site "Arco ITA"]
[Date "2010.10.20"]
[Round "5"]
[White "Schaberg, Wolfgang"]
[Black "Pegoraro, Nicola"]
[Result "0-1"]
[WhiteElo "1941"]
[BlackElo "1975"]
[PlyCount "108"]
[EventDate "2010.10.16"]

1. e4 c5 2. Nf3 d6 3. d4 cxd4 4. Nxd4 Nf6 5. Nc3 a6 6. Be2 e6 7. Be3 Be7 8. a4
Nc6 9. f4 Qc7 10. O-O Bd7 11. Nb3 e5 12. a5 exf4 13. Bb6 Qb8 14. Rxf4 Be6 15.
Nd4 Nxd4 16. Qxd4 O-O 17. Nd5 Bxd5 18. exd5 Nd7 19. Rg4 Ne5 20. Rg3 Bf6 21. Qf2
Ng6 22. Rh3 Qe8 23. c3 Qe4 24. Rd1 Rfe8 25. Bd3 Qxd5 26. Rxh7 Qb3 27. Bc2 Qxb2
28. Rh3 Re6 29. Bxg6 Qxf2+ 30. Kxf2 fxg6 31. Rhd3 Be5 32. g3 Rc8 33. Bd4 Kf7
34. Rb1 Re7 35. Kf3 Rc6 36. Rb4 Ke6 37. Bxe5 dxe5 38. Ke4 Rc5 39. Ra4 Rec7 40.
Rb4 Rxa5 41. Rb6+ Kf7 42. Rd5 Rxd5 43. Kxd5 Re7 44. Ke4 Ke8 45. h4 g5 46. h5
Kd8 47. g4 Kc7 48. Rb1 Kc6 49. Kf5 e4 50. Kxg5 e3 51. h6 gxh6+ 52. Kxh6 e2 53.
Re1 Kc5 54. g5 Kc4 0-1

[Event "XXXII Festival A"]
[Site "Arco ITA"]
[Date "2010.10.20"]
[Round "5"]
[White "Schuetzler, Bernd"]
[Black "Ludwig, Timm"]
[Result "1/2-1/2"]
[WhiteElo "1707"]
[BlackElo "1670"]
[PlyCount "75"]
[EventDate "2010.10.16"]

1. e4 c5 2. c3 Nc6 3. d4 b6 4. d5 Ne5 5. f4 Ng6 6. f5 Ne5 7. Bf4 d6 8. Bxe5
dxe5 9. Bb5+ Bd7 10. Qa4 Nf6 11. Bxd7+ Qxd7 12. Qxd7+ Kxd7 13. Nd2 Ng4 14. Ke2
g6 15. h3 Nh6 16. g4 f6 17. Ngf3 Nf7 18. Nc4 Bg7 19. Rad1 Rad8 20. Rd3 g5 21.
a3 h5 22. Rh2 hxg4 23. hxg4 Rxh2+ 24. Nxh2 Rh8 25. Nf1 b5 26. Na5 c4 27. Rg3
Nd6 28. Re3 Rh4 29. Kf3 a6 30. b3 cxb3 31. Nxb3 Nc4 32. Rd3 a5 33. a4 bxa4 34.
Nc5+ Kd6 35. Nxa4 Rh3+ 36. Ke2 Rh8 37. Nd2 Rc8 38. Nf1 1/2-1/2

[Event "XXXII Festival A"]
[Site "Arco ITA"]
[Date "2010.10.20"]
[Round "5"]
[White "Sigmund, Ingenuin"]
[Black "Savinova, Yulia"]
[Result "1-0"]
[WhiteElo "1801"]
[BlackElo "1820"]
[PlyCount "71"]
[EventDate "2010.10.16"]

1. e4 e5 2. Nf3 d6 3. d4 exd4 4. Nxd4 g6 5. c3 Bg7 6. Bd3 Nf6 7. O-O O-O 8. Bg5
c5 9. Nb5 a6 10. N5a3 Nc6 11. Nd2 Qc7 12. Bh4 b5 13. Rc1 Ng4 14. h3 Nge5 15.
Bb1 Bb7 16. f4 Nd7 17. Nc2 b4 18. Ne3 bxc3 19. bxc3 Nf6 20. Nf3 Nh5 21. Nd5 Qa5
22. g4 Nxf4 23. Nxf4 Ne5 24. Nd5 Nc4 25. Qd3 Bxd5 26. exd5 Nb2 27. Qc2 Qb6 28.
c4 f5 29. Ng5 Qd8 30. gxf5 Rxf5 31. Rxf5 gxf5 32. Qxf5 Bd4+ 33. Kh1 Ra7 34.
Nxh7 Re7 35. Nf6+ Kh8 36. Qh5+ 1-0

[Event "XXXII Festival A"]
[Site "Arco ITA"]
[Date "2010.10.20"]
[Round "5"]
[White "Sprea, Giuseppe"]
[Black "Varzi, Florian"]
[Result "1-0"]
[WhiteElo "1982"]
[BlackElo "1570"]
[PlyCount "85"]
[EventDate "2010.10.16"]

1. c4 e5 2. Nc3 Bc5 3. e3 Nc6 4. a3 a6 5. Qc2 Nf6 6. Nd5 d6 7. b4 Ba7 8. Nxf6+
Qxf6 9. Bb2 Bf5 10. Qc3 O-O 11. Nf3 Bg4 12. Be2 Qe6 13. O-O Qg6 14. Nh4 Qh5 15.
Bxg4 Qxg4 16. Nf3 f6 17. h3 Qg6 18. d3 e4 19. dxe4 Qxe4 20. Rad1 Rae8 21. Rd5
Rf7 22. Rfd1 Rfe7 23. b5 Ne5 24. Nxe5 Rxe5 25. bxa6 bxa6 26. Qd3 Qxd3 27. R1xd3
Rxd5 28. cxd5 Rb8 29. Bd4 Bxd4 30. Rxd4 Rb5 31. e4 Rb1+ 32. Kh2 Kf7 33. Rc4 Rb7
34. Ra4 Ra7 35. Rb4 Kg6 36. g4 Ra8 37. Rb7 Rc8 38. Ra7 c5 39. Rxa6 c4 40. Rc6
Ra8 41. Rxc4 Rxa3 42. Rc6 Ra4 43. f3 1-0

[Event "XXXII Festival A"]
[Site "Arco ITA"]
[Date "2010.10.20"]
[Round "5"]
[White "Szabo, Bence"]
[Black "Dittmar, Peter"]
[Result "1/2-1/2"]
[WhiteElo "2375"]
[BlackElo "2328"]
[PlyCount "53"]
[EventDate "2010.10.16"]

1. d4 Nf6 2. c4 e6 3. Nc3 Bb4 4. Qc2 O-O 5. a3 Bxc3+ 6. Qxc3 Nc6 7. Nf3 d6 8.
g3 Qe7 9. Bg2 a5 10. b3 e5 11. d5 Nb8 12. O-O c6 13. dxc6 Nxc6 14. Bb2 Bf5 15.
Rfd1 Rfc8 16. Qe3 Ng4 17. Qd2 Rd8 18. Rac1 Nf6 19. Ne1 Be6 20. e4 Bg4 21. f3
Be6 22. Nc2 a4 23. Ne3 axb3 24. Qd3 Na5 25. Bc3 Qc7 26. Bb4 Ne8 27. Bf1 1/2-1/2

[Event "XXXII Festival A"]
[Site "Arco ITA"]
[Date "2010.10.20"]
[Round "5"]
[White "Thonig, Manfred"]
[Black "De Bettin, Sergio"]
[Result "1-0"]
[WhiteElo "1607"]
[BlackElo "1825"]
[PlyCount "81"]
[EventDate "2010.10.16"]

1. e4 c6 2. d4 d5 3. e5 Bf5 4. Ne2 h6 5. Ng3 Bg6 6. Bd3 Bxd3 7. Qxd3 e6 8. Bd2
Nd7 9. c3 c5 10. O-O Rc8 11. f4 cxd4 12. cxd4 Qb6 13. Nc3 Rc4 14. Nge2 Ne7 15.
b3 Rc8 16. Nb5 Nc6 17. a3 a6 18. Nbc3 Be7 19. Na4 Qa7 20. Rac1 O-O 21. b4 Nb6
22. Nc5 Nc4 23. Be1 b6 24. Na4 Qd7 25. Qh3 Nxd4 26. Nxd4 Qxa4 27. Nxe6 Rfe8 28.
Nd4 Qxa3 29. Rc3 Qxb4 30. Rg3 Qc5 31. Bf2 Bf8 32. Nf5 Qc6 33. Nxh6+ Kh7 34.
Nxf7+ Kg8 35. Nh6+ Kh7 36. Nf5+ Kg8 37. Nd4 Qc7 38. Ne6 Qd7 39. f5 Re7 40. Ng5
g6 41. e6 1-0

[Event "XXXII Festival A"]
[Site "Arco ITA"]
[Date "2010.10.20"]
[Round "5"]
[White "Tomassoni, Leonardo"]
[Black "Knors, Rudi"]
[Result "0-1"]
[WhiteElo "1935"]
[BlackElo "2123"]
[PlyCount "98"]
[EventDate "2010.10.16"]

1. e4 c6 2. Nc3 d5 3. Nf3 Bg4 4. exd5 cxd5 5. h3 Bxf3 6. Qxf3 Nf6 7. Bb5+ Nc6
8. Bxc6+ bxc6 9. d4 e6 10. O-O Be7 11. Ne2 O-O 12. Ng3 Qb6 13. c3 a5 14. b3 c5
15. Be3 Rfc8 16. Rab1 Qc6 17. Rfc1 Rab8 18. c4 cxd4 19. cxd5 Qb6 20. Bf4 Ra8
21. dxe6 Qxe6 22. Re1 Qd7 23. Red1 Rd8 24. Rd3 a4 25. Rbd1 Qa7 26. Rxd4 Rxd4
27. Rxd4 axb3 28. axb3 Bc5 29. Rc4 Re8 30. Rc1 Bb6 31. Nf5 Qa2 32. Nd6 Rd8 33.
Nc4 Bd4 34. Be3 Qxb3 35. Nd2 Qd3 36. Bxd4 Qxd4 37. Nb3 Qd6 38. g3 h6 39. Re1
Rb8 40. Rd1 Qe6 41. Nc5 Qxh3 42. Ne4 Ng4 43. Qg2 Qh5 44. Rf1 Rb2 45. Nd6 Kh7
46. Qe4+ g6 47. Qg2 Ne3 48. Qe4 Nxf1 49. Kxf1 Qd1+ 0-1

[Event "XXXII Festival A"]
[Site "Arco ITA"]
[Date "2010.10.20"]
[Round "5"]
[White "Vaselli, Luciano"]
[Black "Marshall, Michael"]
[Result "0-1"]
[WhiteElo "1732"]
[BlackElo "1878"]
[PlyCount "74"]
[EventDate "2010.10.16"]

1. d4 Nf6 2. c4 e6 3. Nc3 Bb4 4. f3 d5 5. e3 Bxc3+ 6. bxc3 O-O 7. Bd3 b6 8. Ne2
Bb7 9. O-O Re8 10. Ng3 c5 11. Bb2 Nc6 12. e4 Ne7 13. e5 Nd7 14. f4 g6 15. Qg4
Kh8 16. h4 Nf5 17. Nxf5 gxf5 18. Qh5 Rg8 19. Rf2 Rg6 20. Kh2 Qe7 21. cxd5 Rag8
22. Rg1 Bxd5 23. c4 Bb7 24. d5 Qf8 25. Be2 Rh6 26. Qxh6 Qxh6 27. g3 Qf8 28. g4
Qe7 29. Kh3 fxg4+ 30. Bxg4 h5 31. d6 hxg4+ 32. Rxg4 Qd8 33. Rxg8+ Qxg8 34. f5
Be4 35. fxe6 fxe6 36. Bc1 Qg1 37. Be3 Bf5+ 0-1

[Event "XXXII Festival A"]
[Site "Arco ITA"]
[Date "2010.10.20"]
[Round "5"]
[White "Virzi, Ettore"]
[Black "Cottarelli, Franco"]
[Result "1/2-1/2"]
[WhiteElo "2002"]
[BlackElo "1889"]
[PlyCount "32"]
[EventDate "2010.10.16"]

1. e4 e5 2. Nf3 Nc6 3. Bb5 Bc5 4. c3 Nf6 5. d4 exd4 6. e5 Ne4 7. Qd3 d5 8. exd6
O-O 9. O-O Bf5 10. Bxc6 Nxd6 11. Qd1 bxc6 12. Nxd4 Qh4 13. Nxf5 Nxf5 14. Qf3
Bd6 15. h3 Ne7 16. Nd2 Nd5 1/2-1/2

[Event "XXXII Festival A"]
[Site "Arco ITA"]
[Date "2010.10.20"]
[Round "5"]
[White "Von Wantoch, Markus"]
[Black "Maddaloni, Giovanni"]
[Result "1/2-1/2"]
[WhiteElo "1927"]
[BlackElo "1801"]
[PlyCount "64"]
[EventDate "2010.10.16"]

1. e4 Nc6 2. Nc3 e5 3. Bc4 Nf6 4. d3 Bc5 5. Na4 Be7 6. Nc3 O-O 7. Nf3 d6 8. O-O
h6 9. a3 Be6 10. Nd5 a6 11. Re1 Nd4 12. c3 Nb5 13. a4 Na7 14. Qb3 Bxd5 15. exd5
b5 16. axb5 axb5 17. Bxb5 Nxb5 18. Rxa8 Qxa8 19. Qxb5 Qxd5 20. Qxd5 Nxd5 21. d4
Ra8 22. dxe5 Ra1 23. Bd2 Ra2 24. exd6 Bxd6 25. c4 Nb6 26. Rc1 c5 27. b4 cxb4
28. c5 Bxc5 29. Rxc5 b3 30. Bc3 Na4 31. Rc8+ Kh7 32. Bd4 b2 1/2-1/2